Disertación sobre el arte de novelar en "Garduña" de Manuel Zeno Gandía / (Record no. 173464)

MARC details
000 -LEADER
campo de control de longitud fija 00800nam a2200205 i 4500
001 - NÚMERO DE CONTROL
campo de control 173464
003 - IDENTIFICADOR DE NÚMERO DE CONTROL
campo de control ES-MaACL
005 - FECHA Y HORA DE LA ÚLTIMA TRANSACCIÓN
campo de control 20250819063109.0
008 - DATOS DE LONGITUD FIJA--INFORMACIÓN GENERAL
campo de control de longitud fija 091202s1967 pr |||| | spa d
080 ## - NÚMERO DE LA CLASIFICACIÓN DECIMAL UNIVERSAL
Número de la Clasificación Decimal Universal 860(729.5) Zeno Gandía, Manuel 7 Garduña.06
100 1# - ENTRADA PRINCIPAL--NOMBRE DE PERSONA
Nombre de persona Soto, Venus Lidia
9 (RLIN) 141699
245 10 - MENCIÓN DEL TÍTULO
Título Disertación sobre el arte de novelar en "Garduña" de Manuel Zeno Gandía /
Mención de responsabilidad, etc. Venus Lidia Soto ; prólogo, Margot Arce de Vázquez.
260 ## - PUBLICACIÓN, DISTRIBUCIÓN, ETC.
Lugar de publicación, distribución, etc. San Juan, Puerto Rico :
Nombre del editor, distribuidor, etc. Departamento de Instrucción Pública,
Fecha de publicación, distribución, etc. 1967.
300 ## - DESCRIPCIÓN FÍSICA
Extensión 112 p. ;
Dimensiones 25 cm.
600 14 - PUNTO DE ACCESO ADICIONAL DE MATERIA--NOMBRE DE PERSONA
Nombre de persona Zeno Gandía, Manuel,
Fechas asociadas al nombre 1855-1930
9 (RLIN) 118184
700 1# - ENTRADA AGREGADA--NOMBRE PERSONAL
Nombre de persona Arce, Margot.
9 (RLIN) 22457
710 1# - ENTRADA AGREGADA--NOMBRE DE ENTIDAD CORPORATIVA
Nombre de entidad corporativa o nombre de jurisdicción como elemento de entrada Puerto Rico.
Unidad subordinada Departamento de Instrucción Pública.
9 (RLIN) 6275
852 ## - LOCALIZACIÓN
Ubicación ES-MaACL
Número de control de estantería C-56959
Holdings
Estatus retirado Estado de pérdida Estado de daño No para préstamo Biblioteca de origen Biblioteca actual Ubicación en estantería Fecha de adquisición Fuente de adquisición Total de préstamos Signatura topográfica completa Código de barras Visto por última vez Precio de reemplazo Tipo de ítem Koha
        Biblioteca del Ateneo de Madrid Biblioteca del Ateneo de Madrid Depósito 2 02/12/2009     C-56959 1182041 23/02/2023 23/02/2023 Libro impreso